Jerome Kern's Roberta / (Record no. 1889)
[ view plain ]
| 000 -LEADER | |
|---|---|
| fixed length control field | 03573cjm a2200769 i 4500 |
| 001 - CONTROL NUMBER | |
| control field | data |
| 005 - DATE AND TIME OF LATEST TRANSACTION | |
| control field | 20260322212123.0 |
| 007 - PHYSICAL DESCRIPTION FIXED FIELD--GENERAL INFORMATION | |
| fixed length control field | data |
| 008 - FIXED-LENGTH DATA ELEMENTS--GENERAL INFORMATION | |
| fixed length control field | data |
| 035 ## - SYSTEM CONTROL NUMBER | |
| System control number | 23652894 |
| 010 ## - LIBRARY OF CONGRESS CONTROL NUMBER | |
| LC control number | 2024622536 |
| 024 1# - OTHER STANDARD IDENTIFIER | |
| Standard number or code | 021471907322 |
| 028 02 - PUBLISHER OR DISTRIBUTOR NUMBER | |
| Publisher or distributor number | 19073 |
| Source | DRG Theater |
| 028 00 - PUBLISHER OR DISTRIBUTOR NUMBER | |
| Publisher or distributor number | CL 6220 |
| Source | Columbia |
| 028 00 - PUBLISHER OR DISTRIBUTOR NUMBER | |
| Publisher or distributor number | ML 4765 |
| Source | Columbia |
| 033 20 - DATE/TIME AND PLACE OF AN EVENT | |
| Formatted date/time | 19520501 |
| -- | 19520501 |
| 035 ## - SYSTEM CONTROL NUMBER | |
| System control number | (OCoLC)60622716 |
| 040 ## - CATALOGING SOURCE | |
| Original cataloging agency | OCD |
| Language of cataloging | eng |
| Description conventions | rda |
| Transcribing agency | OCD |
| Modifying agency | DLC |
| -- | CNCGM |
| -- | OCLCQ |
| -- | OCLCA |
| -- | OCLCF |
| -- | OCLCO |
| -- | OCLCQ |
| -- | OCLCA |
| -- | OCLCO |
| -- | OCLCQ |
| -- | OCLCL |
| -- | DLC |
| 042 ## - AUTHENTICATION CODE | |
| Authentication code | lccopycat |
| 045 0# - TIME PERIOD OF CONTENT | |
| Formatted 9999 B.C. through C.E. time period | d1933 |
| 046 ## - SPECIAL CODED DATES | |
| Beginning or single date created | 1933 |
| Source of date | edtf |
| 050 00 - LIBRARY OF CONGRESS CALL NUMBER | |
| Classification number | SDD 76262 |
| 100 1# - MAIN ENTRY--PERSONAL NAME | |
| Personal name | Kern, Jerome, |
| Dates associated with a name | 1885-1945, |
| Relator term | composer. |
| Real World Object URI | https://id.oclc.org/worldcat/entity/E39PBJvXj3FKxcWYtxfJbx7vHC |
| 240 10 - UNIFORM TITLE | |
| Uniform title | Roberta |
| 245 10 - TITLE STATEMENT | |
| Title | Jerome Kern's Roberta / |
| Statement of responsibility, etc. | music by Jerome Kern ; lyrics by Otto Harbach [and others]. |
| 246 30 - VARYING FORM OF TITLE | |
| Title proper/short title | Roberta |
| 264 #1 - PRODUCTION, PUBLICATION, DISTRIBUTION, MANUFACTURE, AND COPYRIGHT NOTICE | |
| Place of production, publication, distribution, manufacture | New York, NY : |
| Name of producer, publisher, distributor, manufacturer | DRG Theater, |
| Date of production, publication, distribution, manufacture, or copyright notice | [2005] |
| 264 #4 - PRODUCTION, PUBLICATION, DISTRIBUTION, MANUFACTURE, AND COPYRIGHT NOTICE | |
| Date of production, publication, distribution, manufacture, or copyright notice | ℗2005 |
| 300 ## - PHYSICAL DESCRIPTION | |
| Extent | 1 audio disc : |
| Other physical details | digital ; |
| Dimensions | 4 3/4 in. |
| 336 ## - CONTENT TYPE | |
| Content type term | performed music |
| Content type code | prm |
| Source | rdacontent |
| 337 ## - MEDIA TYPE | |
| Media type term | audio |
| Media type code | s |
| Source | rdamedia |
| 338 ## - CARRIER TYPE | |
| Carrier type term | audio disc |
| Carrier type code | sd |
| Source | rdacarrier |
| 344 ## - SOUND CHARACTERISTICS | |
| Type of recording | digital |
| Source | rdatr |
| 344 ## - SOUND CHARACTERISTICS | |
| Recording medium | optical |
| Source | rdarm |
| 344 ## - SOUND CHARACTERISTICS | |
| Configuration of playback channels | stereo |
| Source | rdacpc |
| 347 ## - DIGITAL FILE CHARACTERISTICS | |
| File type | audio file |
| Source | rdaft |
| 347 ## - DIGITAL FILE CHARACTERISTICS | |
| Encoding format | CD audio |
| 490 1# - SERIES STATEMENT | |
| Series statement | The Broadway collector series |
| 500 ## - GENERAL NOTE | |
| General note | Title from disc label. |
| 500 ## - GENERAL NOTE | |
| General note | Other lyricists include: Oscar Hammerstein II, Dorothy Fields & Jimmy McHugh. |
| 500 ## - GENERAL NOTE | |
| General note | Romantic comedy musical based on the novel Gowns by Roberta by Alice Duer Miller. |
| 500 ## - GENERAL NOTE | |
| General note | Originally released as Columbia CL 6220/ML 4765, in 1952. |
| 500 ## - GENERAL NOTE | |
| General note | Original liner notes inserted in container. |
| 505 00 - FORMATTED CONTENTS NOTE | |
| Miscellaneous information | Finale. |
| Title | Lovely to look at -- |
| -- | You're devastating -- |
| -- | Let's begin -- |
| -- | (When your heart's on fire) Smoke gets in your eyes -- |
| -- | I won't dance -- |
| -- | The touch of your hand -- |
| -- | Something had to happen -- |
| -- | Yesterdays -- |
| -- | I'll be hard to handle -- |
| -- | Lovely to look at -- |
| Miscellaneous information | Finale. |
| 508 ## - CREATION/PRODUCTION CREDITS NOTE | |
| Creation/production credits note | Produced for records by Goddard Lieberson. |
| 511 0# - PARTICIPANT OR PERFORMER NOTE | |
| Participant or performer note | Joan Roberts, Jack Cassidy, Kaye Ballard, Portia Nelson, Stephen Douglass, Frank Rogier, vocals ; orchestra and chorus ; Lehman Engel, conductor. |
| 518 ## - DATE/TIME AND PLACE OF AN EVENT NOTE | |
| Other event information | Recorded |
| Date of event | 1952 April 28-May 1. |
| 650 #0 - SUBJECT ADDED ENTRY--TOPICAL TERM | |
| Topical term or geographic name entry element | Musicals. |
| 650 #7 - SUBJECT ADDED ENTRY--TOPICAL TERM | |
| Topical term or geographic name entry element | Musicals. |
| Source of heading or term | fast |
| Authority record control number or standard number | (OCoLC)fst01030814 |
| 655 #7 - INDEX TERM--GENRE/FORM | |
| Genre/form data or focus term | Musicals. |
| Source of term | lcgft |
| 700 1# - ADDED ENTRY--PERSONAL NAME | |
| Personal name | Harbach, Otto, |
| Dates associated with a name | 1873-1963, |
| Relator term | librettist. |
| -- | librettist. |
| Real World Object URI | https://id.oclc.org/worldcat/entity/E39PBJvt768mbTfC38WgGRcgKd |
| 700 1# - ADDED ENTRY--PERSONAL NAME | |
| Personal name | Hammerstein, Oscar, |
| Titles and other words associated with a name | II, |
| Dates associated with a name | 1895-1960, |
| Relator term | lyricist. |
| 700 1# - ADDED ENTRY--PERSONAL NAME | |
| Personal name | Fields, Dorothy, |
| Dates associated with a name | 1905-1974, |
| Relator term | lyricist. |
| 700 1# - ADDED ENTRY--PERSONAL NAME | |
| Personal name | McHugh, Jimmy, |
| Dates associated with a name | 1894-1969, |
| Relator term | lyricist. |
| 700 1# - ADDED ENTRY--PERSONAL NAME | |
| Personal name | Roberts, Joan, |
| Dates associated with a name | 1917-2012, |
| Relator term | singer. |
| Real World Object URI | https://id.oclc.org/worldcat/entity/E39PBJtrPqD3djGjWJJ6K3cVmd |
| 700 1# - ADDED ENTRY--PERSONAL NAME | |
| Personal name | Cassidy, Jack, |
| Dates associated with a name | 1927-1976, |
| Relator term | singer. |
| Real World Object URI | https://id.oclc.org/worldcat/entity/E39PBJjdcDbBphHDhPg8PypHG3 |
| 700 1# - ADDED ENTRY--PERSONAL NAME | |
| Personal name | Ballard, Kaye, |
| Relator term | singer. |
| 700 1# - ADDED ENTRY--PERSONAL NAME | |
| Personal name | Nelson, Portia, |
| Relator term | singer. |
| 700 1# - ADDED ENTRY--PERSONAL NAME | |
| Personal name | Douglass, Stephen, |
| Dates associated with a name | 1921-2011, |
| Relator term | singer. |
| Real World Object URI | https://id.oclc.org/worldcat/entity/E39PBJbRgJJqtWMPmRPp7cm8G3 |
| 700 1# - ADDED ENTRY--PERSONAL NAME | |
| Personal name | Rogier, Frank, |
| Relator term | singer. |
| 700 1# - ADDED ENTRY--PERSONAL NAME | |
| Personal name | Engel, Lehman, |
| Dates associated with a name | 1910-1982, |
| Relator term | conductor. |
| Real World Object URI | https://id.oclc.org/worldcat/entity/E39PBJyRDBjkKqbrpckbPxmKh3 |
| 700 1# - ADDED ENTRY--PERSONAL NAME | |
| Relationship information | Musical theatre adaptation of (work): |
| Personal name | Miller, Alice Duer, |
| Dates associated with a name | 1874-1942. |
| Title of a work | Gowns by Roberta. |
| 830 #0 - SERIES ADDED ENTRY--UNIFORM TITLE | |
| Uniform title | Broadway collector series. |
| 906 ## - LOCAL DATA ELEMENT F, LDF (RLIN) | |
| a | 7 |
| b | cbc |
| c | copycat |
| d | 2 |
| e | ncip |
| f | 20 |
| g | y-soundrec |
| 925 0# - | |
| -- | acquire |
| -- | 2 shelf copies |
| -- | policy default |
| Withdrawn status | Lost status | Damaged status | Not for loan | Home library | Current library | Shelving location | Date acquired | Total checkouts | Full call number | Barcode | Date last seen | Price effective from | Koha item type |
|---|---|---|---|---|---|---|---|---|---|---|---|---|---|
| Troy | Troy | General stacks | 22/03/2026 | SDD 76262 | LOC-TPL-00021 | 22/03/2026 | 22/03/2026 | Books |